00662 2200193 4500001002100000005001700021008004100038035002500079040001200104082001600116084002000132100004600152245013200198260002400330300002600354650005800380850001200438990001800450INLIS00000000000617320150909103339.0  a0010-061500000000294 aYOPDYOG 223a342.055 aR 342.055 Ind P aINDONESIA [Undang-undang, peraturan, dsb] aPedoman teknis verifikasi syarat calon pengganti antar waktu (PAW) anggota DPR, DPD & DPRD Provinsi/kabupaten/kota hasil pemilu aJakartabPIDIc2013 av, 260 hlm.c; 21 cm. aDewan Perwakilan Rakyat - Undang-Undang dan peraturan aYOPDYOG a17289-PD/B.15